Central Library OPAC University of Rajshahi
Normal view MARC view

Entry Personal Name

Number of records used in: 3

001 - CONTROL NUMBER

  • control field: 2195

003 - CONTROL NUMBER IDENTIFIER

  • control field: BD-RjUL

005 - DATE AND TIME OF LATEST TRANSACTION

  • control field: 20220403122918.0

008 - FIXED-LENGTH DATA ELEMENTS

  • fixed length control field: 220403|| aca||aabn | a|a d

040 ## - CATALOGING SOURCE

  • Original cataloging agency: BD-RjUL
  • Transcribing agency: BD-RjUL

100 ## - HEADING--PERSONAL NAME

  • Personal name: সিদ্দিকা মোবাররা, গবেষণা তত্ত্বাবধায়ক

670 ## - SOURCE DATA FOUND

  • Source citation: Work cat.: (BD-RjUL)79650: মন্ডল, অনুপম হীরা 2192, বাংলাদেশের লোকধর্ম :, ২০০৯